Туристские учреждения профсоюзов: базы, гостиницы, кемпинги; справочник

Dades bibliogràfiques
Idioma:rus
Publicat: Москва, Профиздат, 1983
Edició:4-е изд., перераб. и доп.
Matèries:
Format: MixedMaterials Llibre
KOHA link:https://koha.lib.tpu.ru/cgi-bin/koha/opac-detail.pl?biblionumber=130211

MARC

LEADER 00000nam0a2200000 4500
001 130211
005 20231031133830.0
020 |a RU  |b 83-50008 
035 |a (RuTPU)RU\TPU\book\141030 
090 |a 130211 
100 |a 20080201d1983 m y0rusy5003 ca 
101 0 |a rus 
102 |a RU 
105 |a a g 000zy 
200 1 |a Туристские учреждения профсоюзов  |e базы, гостиницы, кемпинги  |e справочник 
205 |a 4-е изд., перераб. и доп. 
210 |a Москва  |c Профиздат  |d 1983 
215 |a 448 с.  |c ил. 
610 1 |a туризм 
610 1 |a туристские учреждения профсоюзов 
610 1 |a базы 
610 1 |a гостиницы 
610 1 |a кемпинги 
610 1 |a маршруты 
610 1 |a экскурсии 
610 1 |a справочники 
675 |a 797  |z rus 
801 1 |a RU  |b 63413507  |c 20080201  |g PSBO 
801 2 |a RU  |b 63413507  |c 20120824  |g PSBO 
942 |c BK